Genetické algoritmy a ich aplikacia v praxi
Uložené v:
| Hlavný autor: | |
|---|---|
| Ďalší autori: | |
| Médium: | Rukopis Kniha |
| Jazyk: | Slovak |
| Vydavateľské údaje: |
Bratislava :
STU v Bratislave FEI,
2010
|
| Predmet: | |
| On-line prístup: | VAIS |
| Tagy: |
Žiadne tagy, Buďte prvý, kto otaguje tento záznam!
|
MARC
| LEADER | 00000ntm a22000003a 4500 | ||
|---|---|---|---|
| 001 | stu209361 | ||
| 005 | 20150617230103.7 | ||
| 008 | 100818s2010------------------------slo-d | ||
| 040 | |a STU |b slo | ||
| 041 | 0 | |a slo | |
| 100 | 1 | |a Matis, Juraj, |d 1975- |4 aut |u E |T FEI Fakulta elektrotechniky a informatiky |X 23692 |U E |Y 30 |7 A000023692 | |
| 242 | 0 | 0 | |a Genetic algorithms and their use in practice |y eng |
| 245 | 1 | |a Genetické algoritmy a ich aplikacia v praxi | |
| 260 | |a Bratislava : |b STU v Bratislave FEI, |c 2010 | ||
| 300 | |a 47 s | ||
| 650 | 7 | |a priemyselná informatika |2 stusub | |
| 650 | 7 | |a automatizácia |2 stusub | |
| 650 | 7 | |a Aplikovaná informatika |2 stusub | |
| 650 | 7 | |a genetické algoritmy |2 stusub | |
| 650 | 7 | |a evolučné algoritmy |2 stusub | |
| 700 | 1 | |a Števo, Stanislav, |d 1983- |4 ths |u E011 |U FEI Fakulta elektrotechniky a informatiky |T FEI Ústav robotiky a kybernetiky |X 24507 |U E011 |Y 356 |7 A000024507 | |
| 856 | 4 | |a info a plný text |u http://is.stuba.sk/zp/portal_zp.pl?podrobnosti=23488 |3 VAIS | |